| 000 | 00647nam a22001935i 4500 | ||
|---|---|---|---|
| 001 | 166507 | ||
| 003 | ES-MaACL | ||
| 005 | 20250815062540.0 | ||
| 008 | 940206s1895 sp |||| | spa d | ||
| 040 |
_aAS _bspa |
||
| 100 | 1 |
_aTorres Campos, Rafael, _d1853-1904 _9110935 |
|
| 245 | 1 | 0 |
_aEstudios geográficos / _cpor Rafael Torres Campos ; con un prólogo del Excmo. Sr. D. Francisco Coello. |
| 260 |
_aMadrid : _b[s.n.], _c1895 ( _fFortanet) |
||
| 300 |
_aXVI, 475 p. ; _c25 cm. |
||
| 650 | 0 | 7 |
_aGeografía _2embne _913070 |
| 700 | 1 |
_aCoello, Francisco, _d1822-1898 _939459 |
|
| 852 |
_aES-MaACL _jC-849 _z-- Enc. pasta |
||
| 999 |
_c166507 _d166507 |
||